00510nam a22001937a 4500003000400000005001700004008004100021020001500062040002900077050002400106100002900130245003400159250000800193260003500201300001000236650003700246942001600283999001700299OSt20260611160615.0260611b |||||||| |||| 00| 0 eng d a0761939148 cChuka University Library aLB 2838.8b.W3 2003 aWachter Joanne C.928736 aTime Saving Tips For Teachers a2nd aCaliforniabCorwin Pressc2003 a135.p a Teachers Time Management928737 2lcccFREn0 c24062d24062